• 首页
  • 本馆介绍
  • 公告通知
  • 最新文献
  • 馆藏检索
  • 电子资源
  • 读者导购
  • 参考咨询
  • 我的图书馆
  • 登录
  • 期刊详细显示
  • 现刊情况显示
  • 合订本情况显示
  • 篇目信息显示

期刊信息

  • 表格格式
  • 工作单格式
  • 卡片格式
索取号 
N55/SCIENCE
题名 
Science
作者 
美国科学编辑部
分册号 
分册名 
出版地 
NEW YORK
出版者 
American Association for the Advancement of Science
标准刊号 
0036-8075
出版频率 
周刊
中图法分类 
N55
主题词 
自然科学 连续出版物; 自然科学 斯刊
电子资源 
000 00805nas0 2200217 45
001 0639017484
005 20201228085559.36
011    @a0036-8075@d$550.00(2005)PER YEAR
100    @a20060227d km y0chiy0120 ea
101 0  @aeng
200 1  @aScience@f美国科学编辑部@FMei Guo Ke Xue Bian Ji Bu
207    @aScience is published weekly on Friday,except the last week in December,by the American Association for the Advancement of Science.
210    @aNEW YORK@cAmerican Association for the Advancement of Science
300    @aThe title Science is a registered trademark of the AAAS.
326    @a周刊
606 0  @a自然科学@x连续出版物
606 0  @a自然科学@x斯刊
690    @aN55@v4
711 02 @a美国科学编辑部@AMei Guo Ke Xue Bian Ji Bu
801  0 @aCN@bPFT@c20090709
905    @aTJWY@dN55@eSCIENCE
    
    Science/美国科学编辑部.-Science is published weekly on Friday,except the last week in December,by the American Association for the Advancement of Science.-NEW YORK:American Association for the Advancement of Science
    
    The title Science is a registered trademark of the AAAS.
    
    ISSN 0036-8075:$550.00(2005)PER YEAR
    
●
相关链接: 在易读查询期刊 在中国知网中查询期刊 在万方数据查询期刊 在维普查询期刊
唐山师范学院图书馆 欢迎您!
大连网信软件有限公司© 版权所有